Sports Quiz

Random Sports Quiz

Athlétisme - Médaillés français (Ch. Monde) Quiz Stats

 Plays Quiz not verified by Sporcle

Score 0/79 Timer 20:00
1 Play Today
Discipline - Métal Médaillé(e) % Correct
Saut à la perche - ArgentRenaud Lavillenie
96.5%
Saut à la perche - BronzeRenaud Lavillenie
96.5%
Saut à la perche - BronzeRenaud Lavillenie
96.5%
Saut à la perche - BronzeRenaud Lavillenie
96.5%
Saut à la perche - BronzeRenaud Lavillenie
96.5%
4 x 100 mètres - ArgentChristophe Lemaitre
94.4%
200 mètres - BronzeChristophe Lemaitre
94.4%
400 mètres haies - OrStéphane Diagana
93.1%
4 x 400 mètres - OrStéphane Diagana
93.1%
400 mètres haies - ArgentStéphane Diagana
93.1%
400 mètres haies - BronzeStéphane Diagana
93.1%
50 km marche - OrYohann Diniz
91.8%
50 km marche - ArgentYohann Diniz
91.8%
400 mètres - OrMarie-José Pérec
88.3%
400 mètres - OrMarie-José Pérec
88.3%
Décathlon - OrKévin Mayer
87.4%
800 mètres - OrPierre-Ambroise Bosse
86.1%
110 mètres haies - OrLadji Doucouré
84.4%
4 x 100 mètres - OrLadji Doucouré
84.4%
3000 mètres steeple - BronzeMahiedine Mekhissi
83.1%
3000 mètres steeple - BronzeMahiedine Mekhissi
83.1%
Hepthatlon - OrEunice Barber
78.4%
Saut en longueur - OrEunice Barber
78.4%
4 x 100 mètres - OrChristine Arron
78.4%
4 x 400 mètres - OrMarc Raquil
78.4%
4 x 100 mètres - ArgentChristine Arron
78.4%
Heptathlon - ArgentEunice Barber
78.4%
400 mètres - ArgentMarc Raquil
78.4%
Saut en longueur - ArgentEunice Barber
78.4%
Heptathlon - ArgentEunice Barber
78.4%
4 x 100 mètres - BronzeChristine Arron
78.4%
100 mètres - BronzeChristine Arron
78.4%
200 mètres - BronzeChristine Arron
78.4%
4 x 100 mètres - ArgentJimmy Vicaut
76.2%
Triple saut - OrTeddy Tamgho
75.3%
Saut à la perche - BronzeJean Galfione
75.3%
1500 mètres - ArgentMehdi Baala
74.9%
4 x 100 mètres - OrMuriel Hurtis
72.7%
4 x 100 mètres - ArgentMuriel Hurtis
72.7%
4 x 100 mètres - ArgentMuriel Hurtis
72.7%
Discipline - Métal Médaillé(e) % Correct
200 mètres - BronzeMuriel Hurtis
72.7%
4 x 400 mètres - BronzeMuriel Hurtis
72.7%
Disque - ArgentMélina Robert-Michon
69.7%
Disque - BronzeMélina Robert-Michon
69.7%
4 x 100 mètres - OrRonald Pognon
60.6%
Saut à la perche - ArgentRomain Mesnil
59.7%
Saut à la perche - ArgentRomain Mesnil
59.7%
4 x 400 mètres - OrLeslie Djhone
55.4%
3000 mètres steeple - BronzeBouabdellah Tahri
55.4%
Marteau - BronzeManuela Montebrun
51.1%
Marteau - BronzeManuela Montebrun
51.1%
4 x 400 mètres - BronzeFloria Gueï
48.1%
4 x 100 mètres - OrPatricia Girard
47.2%
4 x 100 mètres - ArgentPatricia Girard
47.2%
4 x 100 mètres - BronzePatricia Girard
47.2%
Marteau - BronzeAlexandra Tavernier
40.7%
4 x 400 mètres - OrNaman Keita
32.9%
4 x 100 mètres - OrSylviane Félix
29.4%
4 x 100 mètres - ArgentSylviane Félix
29.4%
4 x 100 mètres - BronzeSylviane Félix
29.4%
4 x 100 mètres - ArgentBruno Marie-Rose
28.1%
4 x 100 mètres - ArgentJean-Charles Trouabal
26%
Saut à la perche - ArgentThierry Vigneron
24.2%
4 x 100 mètres - ArgentDaniel Sangouma
24.2%
4 x 400 mètres - BronzeMarie Gayot
19%
200 mètres - ArgentGilles Quénéhervé
17.7%
4 x 100 mètres - ArgentMax Morinière
16%
1500 mètres - BronzeDriss Maazouzi
13%
4 x 100 mètres - OrLueyi Dovy
12.1%
4 x 100 mètres - OrEddy de Lépine
10.8%
4 x 100 mètres - ArgentFrédérique Bangué
9.1%
4 x 100 mètres - ArgentTeddy Tinmar
6.9%
4 x 100 mètres - ArgentOdiah Sidibé
6.1%
1500 mètres - BronzeBouchra Ghezielle
5.2%
4 x 100 mètres - ArgentYannick Lesourd
4.8%
4 x 100 mètres - BronzeDelphine Combe
4.3%
4 x 100 mètres - ArgentKatia Benth
3.9%
4 x 400 mètres - BronzeLénora Guion-Firmin
3.9%
Marathon - BronzeJocelyne Villeton
3%

You're not logged in!

Compare scores with friends on all Sporcle quizzes.
OR
Log In

Sporcle TV

Today on Sporcle TV


Watch our educational content, quiz creation guides, and fun videos on Sporcle TV.

Show Comments

Extras

Created Aug 29, 2017ReportNominate
Tags:discipline, les, metal

Top Quizzes Today


Score Distribution

Your Account Isn't Verified!

In order to create a playlist on Sporcle, you need to verify the email address you used during registration. Go to your Sporcle Settings to finish the process.

Report this User

Report this user for behavior that violates our Community Guidelines.

Details: